[Event "American Continental 15th"]
[Site "Sao Paulo"]
[Date "2019.07.09"]
[Round "6"]
[White "Maia, Marco Aurelio Ferre"]
[Black "Rodi, Luis Ernesto"]
[Result "0-1"]
[WhiteElo "2108"]
[BlackElo "2343"]
[PlyCount "102"]
[EventDate "2019.07.05"]
[EventType "swiss"]
[EventRounds "11"]
[EventCountry "BRA"]
[SourceTitle "CBM 191 Extra"]
[Source "ChessBase"]
[SourceDate "2019.09.30"]
[SourceVersion "1"]
[SourceVersionDate "2019.09.30"]
[SourceQuality "1"]

1. d4 Nf6 2. c4 c5 3. d5 e6 4. Nc3 exd5 5. cxd5 d6 6. Nf3 g6 7. Bf4 Bg7 8. Qa4+ Bd7 9. Qb3 Qc7 10. e4 0-0 11. Be2 Nh5 12. Bg5 a6 13. a4 Bg4 14. h3 Bxf3 15. Bxf3 Nf6 16. 0-0 Nbd7 17. Be2 Rfe8 18. Qc2 c4 19. Rfe1 Rac8 20. Bf1 Nc5 21. Rad1 Nfd7 22. f4 b5 23. axb5 axb5 24. Kh1 Qa5 25. Ra1 Qb6 26. Nd1 Nb3 27. Ra2 Ra8 28. Rxa8 Rxa8 29. Ne3 Qd4 30. e5 dxe5 31. Ng4 f6 32. Rd1 Qb6 33. Bh6 Nd4 34. Qd2 Bxh6 35. Nxh6+ Kg7 36. fxe5 Nxe5 37. Qf4 Nc2 38. Ng4 Nxg4 39. hxg4 Ne3 40. Re1 Nxd5 41. Qe4 Rd8 42. Rd1 Qc6 43. Be2 Re8 44. Qf3 Nb4 45. Qf2 Re7 46. Bf3 Qe6 47. Qd4 Nd3 48. Kg1 Qe5 49. Qxe5 Rxe5 50. Rd2 Re1+ 51. Kh2 Rb1 0-1

[Event "American Continental 15th"]
[Site "Sao Paulo"]
[Date "2019.07.05"]
[Round "1"]
[White "Nobre, Jose Adalberto Barb"]
[Black "Maia, Marco Aurelio Ferre"]
[Result "0-1"]
[WhiteElo "1577"]
[BlackElo "2108"]
[PlyCount "82"]
[EventDate "2019.07.05"]
[EventType "swiss"]
[EventRounds "11"]
[EventCountry "BRA"]
[SourceTitle "CBM 191 Extra"]
[Source "ChessBase"]
[SourceDate "2019.09.30"]
[SourceVersion "1"]
[SourceVersionDate "2019.09.30"]
[SourceQuality "1"]

1. e4 d6 2. d4 Nf6 3. Nc3 c6 4. Nf3 Bg4 5. g3 e6 6. Bg2 Be7 7. 0-0 d5 8. h3 Bh5 9. e5 Nfd7 10. Ne2 0-0 11. Nf4 Bg6 12. Nxg6 hxg6 13. Re1 c5 14. c3 Nc6 15. Be3 cxd4 16. cxd4 Rc8 17. h4 Nb4 18. Re2 Qb6 19. a3 Nc6 20. Rc2 Na5 21. Nd2 Rxc2 22. Qxc2 Nc6 23. Nf3 Rc8 24. Rc1 Qd8 25. Nd2 Nb6 26. Bf1 Nxd4 27. Qd1 Rxc1 28. Qxc1 Nc6 29. f4 a6 30. Bxa6 Nxe5 31. fxe5 bxa6 32. Nf3 Nc4 33. Bf2 Qb8 34. Bd4 Qb3 35. Bc3 Bc5+ 36. Kh2 Be3 37. Qe1 Qc2+ 38. Kh1 Bf2 39. Qf1 Ne3 40. Qh3 Qd1+ 41. Ne1 Bxe1 0-1

[Event "Rio de Janeiro Estadual-ch"]
[Site "Rio de Janeiro"]
[Date "2018.09.22"]
[Round "2"]
[White "Limp, Eduardo Thelio"]
[Black "Maia, Marco Aurelio Ferre"]
[Result "1-0"]
[WhiteElo "2357"]
[BlackElo "2096"]
[PlyCount "71"]
[EventDate "2018.09.22"]
[EventType "swiss"]
[EventRounds "6"]
[EventCountry "BRA"]
[SourceTitle "EXT 2020"]
[Source "ChessBase"]
[SourceDate "2019.10.17"]
[SourceVersion "1"]
[SourceVersionDate "2019.10.17"]
[SourceQuality "1"]

1. e4 c6 2. d4 d5 3. exd5 cxd5 4. Bd3 Nc6 5. c3 Qc7 6. Ne2 Bg4 7. f3 Bd7 8. Bf4 Qb6 9. Qb3 Qxb3 10. axb3 a6 11. Nd2 e6 12. b4 Na7 13. Nb3 Rc8 14. Na5 Bc6 15. Nxc6 Nxc6 16. b5 axb5 17. Bxb5 Kd8 18. Bxc6 bxc6 19. Ra7 Be7 20. Kf2 Nf6 21. Rha1 Ne8 22. Rb7 Nd6 23. Bxd6 Bxd6 24. Rxf7 g6 25. Raa7 Bc7 26. Nc1 e5 27. Nd3 exd4 28. cxd4 Bb6 29. Rad7+ Ke8 30. Ke3 c5 31. Nf4 cxd4+ 32. Kd3 Rc6 33. Nxd5 Bd8 34. Rb7 Rc1 35. Nf4 Rd1+ 36. Ke2 1-0

[Event "Rio de Janeiro Cortinhas Memorial 2nd"]
[Site "Rio de Janeiro"]
[Date "2018.05.26"]
[Round "2"]
[White "Maia, Marco Aurelio Ferre"]
[Black "Guimaraes, Wagner Peixoto"]
[Result "1/2-1/2"]
[WhiteElo "2067"]
[BlackElo "2232"]
[PlyCount "25"]
[EventDate "2018.05.25"]
[EventType "swiss"]
[EventRounds "5"]
[EventCountry "BRA"]
[SourceTitle "CBM 184 Extra"]
[Source "ChessBase"]
[SourceDate "2018.06.28"]
[SourceVersion "1"]
[SourceVersionDate "2018.06.28"]
[SourceQuality "1"]

1. d4 Nf6 2. c4 e6 3. Nc3 Bb4 4. Qc2 0-0 5. a3 Bxc3+ 6. Qxc3 d5 7. Bg5 h6 8. Bxf6 Qxf6 9. e3 c5 10. Nf3 cxd4 11. Qxd4 Qxd4 12. Nxd4 dxc4 13. Bxc4 1/2-1/2

[Event "Rio de Janeiro Cortinhas Memorial 2nd"]
[Site "Rio de Janeiro"]
[Date "2018.05.26"]
[Round "3"]
[White "Santos Filho, Tadeu Souza"]
[Black "Maia, Marco Aurelio Ferre"]
[Result "0-1"]
[WhiteElo "2113"]
[BlackElo "2067"]
[PlyCount "174"]
[EventDate "2018.05.25"]
[EventType "swiss"]
[EventRounds "5"]
[EventCountry "BRA"]
[SourceTitle "CBM 184 Extra"]
[Source "ChessBase"]
[SourceDate "2018.06.28"]
[SourceVersion "1"]
[SourceVersionDate "2018.06.28"]
[SourceQuality "1"]

1. e4 c5 2. Nf3 d6 3. d4 cxd4 4. Nxd4 Nf6 5. f3 e5 6. Nb3 Be6 7. Bg5 Be7 8. c4 0-0 9. Qd2 Nxe4 10. Bxe7 Nxd2 11. Bxd8 Nxb3 12. axb3 Rxd8 13. Nc3 Nc6 14. Bd3 Nd4 15. Ra3 a6 16. Kf2 f5 17. Ke3 Rac8 18. f4 Nc6 19. Rd1 Ne7 20. Be2 g6 21. Bf3 e4 22. Be2 Kg7 23. Ra5 Kf8 24. h3 Nc6 25. Ra4 Ne7 26. Ra5 Ke8 27. Rd2 Ng8 28. Ra1 Nf6 29. Rad1 Ke7 30. Kd4 Bd7 31. b4 Bc6 32. Ke3 Be8 33. g4 h6 34. Rg1 Bf7 35. b3 b5 36. Kd4 bxc4 37. bxc4 Rb8 38. Rb2 a5 39. b5 Nd7 40. Ra1 Ra8 41. Rba2 Nc5 42. Ra3 Nb7 43. Na4 Be6 44. Rg1 Rg8 45. h4 Raf8 46. g5 hxg5 47. hxg5 Rh8 48. c5 dxc5+ 49. Ke5 Nd8 50. Nxc5 Nf7+ 51. Kd4 Rd8+ 52. Kc3 Rc8 53. Rxa5 Rxc5+ 54. Kb4 Rhc8 55. b6 Rxa5 56. Kxa5 Ra8+ 57. Kb4 Rb8 58. Ka5 Nd6 59. Rc1 Nc8 60. Rb1 Rxb6 61. Rxb6 Nxb6 62. Kxb6 Kd6 63. Kb5 Bd5 64. Kb4 Bf7 65. Kc3 Kc5 66. Ba6 Bd5 67. Be2 Bc6 68. Ba6 Bb5 69. Bb7 e3 70. Bf3 Bc4 71. Bb7 Bd5 72. Ba6 Bf3 73. Bd3 Bd5 74. Be2 Bc6 75. Bd1 Bb5 76. Bb3 e2 77. Kd2 Kd4 78. Bf7 Ke4 79. Bxg6 Kxf4 80. Bh5 Kxg5 81. Bxe2 Bxe2 82. Kxe2 Kg4 83. Kf2 Kf4 84. Kg2 Ke3 85. Kf1 f4 86. Ke1 f3 87. Kf1 f2 0-1

[Event "Guanabara CC/TTC op 1st"]
[Site "Rio de Janeiro"]
[Date "2018.03.04"]
[Round "2"]
[White "Teixeira, Ricardo da Silva"]
[Black "Maia, Marco Aurelio Ferre"]
[Result "0-1"]
[WhiteElo "2253"]
[BlackElo "2028"]
[PlyCount "52"]
[EventDate "2018.03.03"]
[EventType "swiss"]
[EventRounds "6"]
[EventCountry "BRA"]
[SourceTitle "EXT 2019"]
[Source "ChessBase"]
[SourceDate "2018.10.10"]
[SourceVersion "1"]
[SourceVersionDate "2018.10.10"]
[SourceQuality "1"]

1. Nf3 d5 2. c4 c6 3. b3 Nf6 4. Bb2 e6 5. g3 Nbd7 6. Bg2 Bd6 7. 0-0 0-0 8. d3 Qe7 9. Nbd2 b6 10. e4 dxe4 11. dxe4 e5 12. Nh4 g6 13. a3 a5 14. f4 Bb7 15. f5 Bc5+ 16. Kh1 Bd4 17. Qc2 Ng4 18. Rf3 c5 19. Raf1 Ne3 20. Rxe3 Bxe3 21. Ndf3 Rfe8 22. Qe2 Bh6 23. h3 Rad8 24. Bc3 Qd6 25. Ne1 Nb8 26. Qg4 Bg7 0-1

[Event "Rio de Janeiro Alex U2100 1st"]
[Site "Rio de Janeiro"]
[Date "2018.01.06"]
[Round "2"]
[White "Soares, Joao Carlos TC"]
[Black "Maia, Marco Aurelio Ferre"]
[Result "1-0"]
[WhiteElo "2026"]
[BlackElo "2068"]
[PlyCount "61"]
[EventDate "2018.01.05"]
[EventType "tourn"]
[EventRounds "5"]
[EventCountry "BRA"]
[SourceTitle "EXT 2019"]
[Source "ChessBase"]
[SourceDate "2018.10.10"]
[SourceVersion "1"]
[SourceVersionDate "2018.10.10"]
[SourceQuality "1"]

1. d4 d6 2. g3 Nf6 3. Bg2 g6 4. c4 Bg7 5. Nc3 0-0 6. Nf3 Nbd7 7. 0-0 c5 8. b3 cxd4 9. Nxd4 a6 10. Bb2 Rb8 11. a4 Ne5 12. e4 Bd7 13. h3 Nc6 14. Nc2 Qb6 15. Ne3 Be6 16. Ned5 Bxd5 17. exd5 Na5 18. Ra3 Nxc4 19. bxc4 Qxb2 20. Rb3 Qxb3 21. Qxb3 Nd7 22. Ne4 Rfc8 23. h4 h6 24. Bh3 f5 25. h5 Ne5 26. Nd2 Rf8 27. hxg6 Nxg6 28. Re1 f4 29. Be6+ Kh8 30. g4 Bd4 31. Qd3 1-0

[Event "Rio de Janeiro Estadual-ch"]
[Site "Rio de Janeiro"]
[Date "2017.12.09"]
[Round "6"]
[White "Maia, Marco Aurelio Ferre"]
[Black "Zacarias, Rodrigo Medeiros"]
[Result "1-0"]
[WhiteElo "2059"]
[BlackElo "2130"]
[PlyCount "69"]
[EventDate "2017.12.02"]
[EventType "swiss"]
[EventRounds "6"]
[EventCountry "BRA"]
[SourceTitle "CBM 182 Extra"]
[Source "ChessBase"]
[SourceDate "2018.02.23"]
[SourceVersion "1"]
[SourceVersionDate "2018.02.23"]
[SourceQuality "1"]

1. d4 Nf6 2. c4 g6 3. Nc3 d5 4. Bf4 Bg7 5. e3 0-0 6. Rc1 c5 7. dxc5 Qa5 8. Nf3 Bg4 9. Be2 Ne4 10. Be5 Bxf3 11. gxf3 Nxf2 12. Kxf2 Bxe5 13. Nxd5 e6 14. Nc3 Qxc5 15. Qb3 Nc6 16. Ne4 Qe7 17. f4 Bg7 18. Ng3 Rac8 19. Bf3 Na5 20. Qa4 b6 21. b3 f5 22. Rhd1 Rfd8 23. Ne2 Kh8 24. Qb5 g5 25. Rxd8+ Rxd8 26. b4 g4 27. Bg2 Nb7 28. c5 h5 29. Bxb7 Qxb7 30. c6 Qe7 31. c7 Rc8 32. Qc6 Kh7 33. Qb7 Qh4+ 34. Kg1 Rg8 35. c8Q 1-0

[Event "Guarapari op"]
[Site "Guarapari"]
[Date "2017.09.08"]
[Round "2"]
[White "Maia, Marco Aurelio Ferre"]
[Black "Rodi, Luis Ernesto"]
[Result "0-1"]
[WhiteElo "2051"]
[BlackElo "2336"]
[PlyCount "90"]
[EventDate "2017.09.07"]
[EventType "swiss"]
[EventRounds "6"]
[EventCountry "BRA"]
[SourceTitle "CBM 180 Extra"]
[Source "ChessBase"]
[SourceDate "2017.10.06"]
[SourceVersion "1"]
[SourceVersionDate "2017.10.06"]
[SourceQuality "1"]

1. d4 d5 2. c4 e6 3. Nc3 Bb4 4. e3 Nf6 5. Nge2 dxc4 6. Qa4+ Nc6 7. a3 Ba5 8. Qxc4 e5 9. d5 Qxd5 10. Qxd5 Nxd5 11. b4 Nxc3 12. Nxc3 Bb6 13. Bb2 Be6 14. Bb5 f6 15. Na4 Bd7 16. Nxb6 axb6 17. Bxc6 Bxc6 18. 0-0 0-0-0 19. Rad1 Ba4 20. Rxd8+ Rxd8 21. f3 Rd2 22. Rf2 Rd3 23. Re2 c5 24. bxc5 bxc5 25. Re1 Rd2 26. Bc3 Rc2 27. Ba5 Kd7 28. Rb1 Bc6 29. Rd1+ Ke6 30. Rd2 Rxd2 31. Bxd2 Kd5 32. Kf2 Kc4 33. Ke2 Kb3 34. Bc1 Kc2 35. Bd2 Ba4 36. Ke1 b6 37. f4 e4 38. g4 g6 39. f5 gxf5 40. gxf5 Bd7 41. h4 Bb5 42. h5 h6 43. a4 Bxa4 44. Ke2 Bb5+ 45. Ke1 Bd3 0-1

[Event "Guarapari op"]
[Site "Guarapari"]
[Date "2017.09.07"]
[Round "1"]
[White "Boghi, Victor Almeida"]
[Black "Maia, Marco Aurelio Ferre"]
[Result "0-1"]
[WhiteElo "1607"]
[BlackElo "2051"]
[PlyCount "80"]
[EventDate "2017.09.07"]
[EventType "swiss"]
[EventRounds "6"]
[EventCountry "BRA"]
[SourceTitle "CBM 180 Extra"]
[Source "ChessBase"]
[SourceDate "2017.10.06"]
[SourceVersion "1"]
[SourceVersionDate "2017.10.06"]
[SourceQuality "1"]

1. Nf3 d5 2. g3 Nf6 3. Bg2 c6 4. b3 g6 5. Bb2 Bg7 6. 0-0 0-0 7. d3 Re8 8. Nbd2 Nbd7 9. c4 b6 10. Qc2 Bb7 11. d4 Rc8 12. e4 dxe4 13. Nxe4 Qc7 14. Nxf6+ Bxf6 15. Rfe1 e6 16. Rac1 Bg7 17. Qe2 Nf6 18. Ne5 Rcd8 19. f4 Bf8 20. Kh1 Bg7 21. Bf3 Nd7 22. Qg2 Nxe5 23. dxe5 Bf8 24. a3 a5 25. g4 Rd3 26. f5 Red8 27. fxg6 hxg6 28. Rcd1 Rxf3 29. Rxd8 c5 30. Rd5 exd5 31. Qxf3 d4 32. Re4 Qc6 33. e6 Qxe4 34. exf7+ Kg7 35. Qxe4 Bxe4+ 36. Kg1 Kxf7 37. b4 axb4 38. axb4 cxb4 39. Bxd4 Bc5 40. Bxc5 bxc5 0-1

[Event "Guanabara CC op 3rd"]
[Site "Rio de Janeiro"]
[Date "2017.08.26"]
[Round "6"]
[White "Saraiva, Alexandre Pacheco"]
[Black "Maia, Marco Aurelio Ferre"]
[Result "1/2-1/2"]
[WhiteElo "1857"]
[BlackElo "2063"]
[PlyCount "150"]
[EventDate "2017.08.12"]
[EventType "swiss"]
[EventRounds "6"]
[EventCountry "BRA"]
[SourceTitle "CBM 180 Extra"]
[Source "ChessBase"]
[SourceDate "2017.10.06"]
[SourceVersion "1"]
[SourceVersionDate "2017.10.06"]
[SourceQuality "1"]

1. c4 d6 2. Nc3 e5 3. g3 f5 4. Bg2 Nf6 5. d3 Be7 6. Nf3 c6 7. b3 a5 8. Bb2 0-0 9. Qc2 Na6 10. a3 Qe8 11. Na4 Nd7 12. 0-0 Qh5 13. Bc3 Bd8 14. b4 Bc7 15. b5 Nac5 16. Nxc5 Nxc5 17. bxc6 bxc6 18. d4 Nd7 19. h4 e4 20. Ng5 Nb6 21. d5 h6 22. Nh3 cxd5 23. Nf4 Qf7 24. cxd5 g5 25. hxg5 hxg5 26. Ne6 Bxe6 27. dxe6 Qxe6 28. Bxa5 Rxa5 29. Qxc7 Nc4 30. Rfc1 Rc8 31. Qb7 Rac5 32. e3 Na5 33. Qb2 Nc4 34. Qb4 Ne5 35. Rxc5 dxc5 36. Qc3 Nd3 37. a4 Rb8 38. a5 Rb3 39. Qc2 Rb2 40. Qc3 Rb3 41. Qc2 Rb2 42. Qa4 Rb4 43. Qa3 Rb3 44. Qa2 Nb4 45. Qe2 Rd3 46. Qh5 Qf6 47. Qe8+ Kg7 48. Rc1 Rd8 49. Qb5 Nd3 50. Rd1 Qd6 51. a6 Rb8 52. Qc4 Ra8 53. Ra1 Nb4 54. a7 Qb6 55. g4 Rxa7 56. Qc3+ Kf7 57. Rxa7+ Qxa7 58. gxf5 Qd7 59. Qc4+ Kf6 60. Qc3+ Kf7 61. Qb3+ Qd5 62. Qxd5+ Nxd5 63. Bxe4 Nc3 64. Bd3 Kf6 65. f3 Nd1 66. e4 Nb2 67. Bc2 Nc4 68. Kf2 Ke5 69. Ke2 Nd6 70. Ke3 Nb5 71. Kd3 Nd6 72. Bb3 Kf6 73. Be6 Ke5 74. Ke3 Nb5 75. Bd7 Nd6 1/2-1/2

[Event "Guanabara CC op 3rd"]
[Site "Rio de Janeiro"]
[Date "2017.08.12"]
[Round "2"]
[White "Manzi, Luiz Antonio Bardao"]
[Black "Maia, Marco Aurelio Ferre"]
[Result "1-0"]
[WhiteElo "1966"]
[BlackElo "2063"]
[PlyCount "113"]
[EventDate "2017.08.12"]
[EventType "swiss"]
[EventRounds "6"]
[EventCountry "BRA"]
[SourceTitle "CBM 180 Extra"]
[Source "ChessBase"]
[SourceDate "2017.10.06"]
[SourceVersion "1"]
[SourceVersionDate "2017.10.06"]
[SourceQuality "1"]

1. Nf3 Nf6 2. g3 g6 3. b3 Bg7 4. Bb2 0-0 5. Bg2 d6 6. 0-0 e5 7. d3 Re8 8. Nbd2 Nc6 9. c4 Nh5 10. e4 Bg4 11. h3 Bd7 12. a3 a5 13. Qc2 f5 14. Rad1 Qc8 15. Kh2 Nf6 16. Rfe1 Rf8 17. c5 fxe4 18. dxe4 Nd4 19. Nxd4 exd4 20. Bxd4 Ng4+ 21. hxg4 Bxg4 22. f3 Bxd4 23. Qc4+ Be6 24. Qxd4 Ra6 25. Nc4 dxc5 26. Qxc5 a4 27. Ne3 Rc6 28. Qe5 Bxb3 29. Nd5 Bxd5 30. exd5 Rc2 31. Qe6+ Kg7 32. Qxc8 Rxc8 33. Rc1 Rd2 34. f4 Kf6 35. Rc4 b5 36. Rc6+ Kf7 37. Rb1 g5 38. fxg5 Re8 39. Rf1+ Kg8 40. Rxc7 Ree2 41. Rg1 Rxd5 42. Kh3 Rxg5 43. Rd1 Re8 44. Bc6 Rb8 45. Rdd7 Rh5+ 46. Kg4 Rh6 47. Bxb5 Rg6+ 48. Kh3 Rh6+ 49. Kg2 Rh5 50. Bxa4 Rb2+ 51. Bc2 Rf5 52. g4 Rf6 53. Rg7+ Kh8 54. Rxh7+ Kg8 55. Rhd7 Rf4 56. Kg3 Rf1 57. Rd8+ 1-0

[Event "Cuiaba Contaud op"]
[Site "Cuiaba"]
[Date "2017.07.29"]
[Round "3"]
[White "Maia, Marco Aurelio Ferre"]
[Black "Da Silva, Eduardo Batista Q"]
[Result "1-0"]
[WhiteElo "2063"]
[BlackElo "1895"]
[PlyCount "133"]
[EventDate "2017.07.28"]
[EventType "swiss"]
[EventRounds "6"]
[EventCountry "BRA"]
[SourceTitle "EXT 2018"]
[Source "ChessBase"]
[SourceDate "2017.10.13"]
[SourceVersion "1"]
[SourceVersionDate "2017.10.13"]
[SourceQuality "1"]

1. d4 Nf6 2. c4 g6 3. Nc3 Bg7 4. e4 d6 5. f3 0-0 6. Nge2 Nc6 7. Be3 a6 8. Qd2 Rb8 9. Ng3 e5 10. d5 Nd4 11. Nge2 Nxe2 12. Nxe2 Nd7 13. Nc3 f5 14. Bd3 Nf6 15. Qc2 Nh5 16. Ne2 fxe4 17. Bxe4 Nf4 18. Ng3 Qg5 19. 0-0-0 Bd7 20. Qf2 b5 21. Kb1 bxc4 22. h4 Qd8 23. Rc1 Nd3 24. Bxd3 cxd3 25. Ne4 Ba4 26. b3 Bd7 27. Qd2 Bf5 28. Qxd3 Bxe4 29. Qxe4 a5 30. Rc4 Rf7 31. h5 Qf6 32. hxg6 hxg6 33. Rhc1 Rb7 34. Ra4 Rb5 35. Bd2 Qf5 36. Qxf5 gxf5 37. Rxa5 Rb7 38. Ra4 Rb5 39. Ra5 Rb7 40. Ra8+ Kh7 41. Rc4 Rb5 42. Ra5 Rb7 43. Kc2 Kg6 44. a4 Bh6 45. Bxh6 Kxh6 46. Rb5 Ra7 47. Kd3 Rg7 48. Rc2 Kg5 49. Ke3 Kh4 50. Kf2 f4 51. a5 Kg5 52. Rc6 Rg8 53. a6 Rga8 54. Ra5 Kf6 55. b4 Ke7 56. b5 Kd7 57. Rc1 Rh8 58. Rc6 Rb8 59. Rc4 Rg8 60. Ra1 Rh8 61. Rcc1 Rb8 62. Rab1 Rh8 63. Rh1 Raa8 64. Rxh8 Rxh8 65. Ke2 Ra8 66. Kd3 Ra7 67. Rh1 1-0

[Event "Cuiaba Contaud op"]
[Site "Cuiaba"]
[Date "2017.07.29"]
[Round "4"]
[White "Maia, Marco Aurelio Ferre"]
[Black "Rangel, Daniel"]
[Result "1-0"]
[WhiteElo "2063"]
[BlackElo "2331"]
[PlyCount "119"]
[EventDate "2017.07.28"]
[EventType "swiss"]
[EventRounds "6"]
[EventCountry "BRA"]
[SourceTitle "EXT 2018"]
[Source "ChessBase"]
[SourceDate "2017.10.13"]
[SourceVersion "1"]
[SourceVersionDate "2017.10.13"]
[SourceQuality "1"]

1. d4 g6 2. Nf3 Bg7 3. g3 f5 4. Bg2 Nf6 5. 0-0 0-0 6. b3 d6 7. Bb2 Qe8 8. c4 e5 9. dxe5 Ng4 10. Qd2 Nxe5 11. Nc3 Na6 12. Rad1 Rb8 13. Nb5 Nf7 14. Bxg7 Kxg7 15. Rfe1 Bd7 16. Nc3 Bc6 17. Nd5 Bxd5 18. cxd5 Nc5 19. Nd4 Nd8 20. Qc3 Kg8 21. b4 Na6 22. e4 f4 23. Bh3 Qe5 24. Qd2 Qh5 25. Bg2 Qe5 26. a3 g5 27. Nf3 Qg7 28. Qd4 g4 29. Qxg7+ Kxg7 30. Nd4 f3 31. Bf1 Kf6 32. Nf5 Nf7 33. Rc1 Rfc8 34. Ne3 h5 35. Rc3 Ne5 36. Rec1 Ra8 37. Nf5 Nb8 38. Nxd6 Rd8 39. Nxb7 Re8 40. Rxc7 Nbd7 41. Nd6 Red8 42. Nb5 a5 43. Na7 axb4 44. axb4 Rdb8 45. b5 Nb6 46. Nc6 Rc8 47. d6 Rxc7 48. dxc7 Ned7 49. e5+ Ke6 50. Bd3 Rc8 51. Na7 Ra8 52. c8Q Nxc8 53. Nxc8 Rb8 54. b6 Nxb6 55. Nxb6 Rxb6 56. Re1 Rc6 57. Bg6 h4 58. gxh4 Rc7 59. h5 Rg7 60. h3 1-0

[Event "Rio de Janeiro Cortinhas Memorial 1st"]
[Site "Rio de Janeiro"]
[Date "2017.04.23"]
[Round "5"]
[White "Torres, Eduardo Lisboa"]
[Black "Maia, Marco Aurelio Ferre"]
[Result "1/2-1/2"]
[WhiteElo "1926"]
[BlackElo "2059"]
[PlyCount "69"]
[EventDate "2017.04.21"]
[EventType "swiss"]
[EventRounds "6"]
[EventCountry "BRA"]
[SourceTitle "CBM 178 Extra"]
[Source "ChessBase"]
[SourceDate "2017.06.22"]
[SourceVersion "1"]
[SourceVersionDate "2017.06.22"]
[SourceQuality "1"]

1. d4 d6 2. c4 e5 3. Nf3 e4 4. Ng5 f5 5. Nh3 Be7 6. Nc3 c6 7. f3 Nf6 8. Qb3 exf3 9. exf3 0-0 10. Bd3 Na6 11. 0-0 Nc7 12. Qc2 Ne6 13. Be3 g6 14. Rfe1 Re8 15. Re2 d5 16. Ng5 Bd6 17. Nxe6 Bxe6 18. Bg5 Kg7 19. Rae1 Qd7 20. Bxf6+ Kxf6 21. cxd5 Bxd5 22. Nxd5+ cxd5 23. Rxe8 Rxe8 24. Rxe8 Qxe8 25. Qe2 Qa4 26. Qf2 Kg7 27. b3 Qb4 28. g4 fxg4 29. fxg4 Qc3 30. g5 Be7 31. Qe3 Bxg5 32. Qxg5 Qxd4+ 33. Kg2 Qxd3 34. Qe7+ Kh6 35. Qh4+ 1/2-1/2

[Event "Praia do Morro Guarapari op"]
[Site "Praia do Morro"]
[Date "2017.04.15"]
[Round "4"]
[White "Maia, Marco Aurelio Ferre"]
[Black "Silveira, Rogerio Zanon"]
[Result "1/2-1/2"]
[WhiteElo "2059"]
[BlackElo "2006"]
[PlyCount "42"]
[EventDate "2017.04.14"]
[EventType "swiss"]
[EventRounds "6"]
[EventCountry "BRA"]
[SourceTitle "CBM 177 Extra"]
[Source "ChessBase"]
[SourceDate "2017.04.27"]
[SourceVersion "1"]
[SourceVersionDate "2017.04.27"]
[SourceQuality "1"]

1. d4 d5 2. c4 e6 3. Nc3 c6 4. e3 Nf6 5. Nf3 Nbd7 6. Qc2 Bd6 7. Bd3 dxc4 8. Bxc4 b5 9. Be2 Bb7 10. 0-0 0-0 11. e4 e5 12. dxe5 Nxe5 13. Nd4 b4 14. Na4 c5 15. Nxc5 Rc8 16. Nxb7 Qb6 17. Qb3 Qxb7 18. Nf5 Bc5 19. Qg3 Ng6 20. Qb3 Qxe4 21. Bd3 Qd5 1/2-1/2

[Event "Praia do Morro Guarapari op"]
[Site "Praia do Morro"]
[Date "2017.04.15"]
[Round "3"]
[White "Rocha, Jorge Wilson"]
[Black "Maia, Marco Aurelio Ferre"]
[Result "1-0"]
[WhiteElo "2182"]
[BlackElo "2059"]
[PlyCount "87"]
[EventDate "2017.04.14"]
[EventType "swiss"]
[EventRounds "6"]
[EventCountry "BRA"]
[SourceTitle "CBM 177 Extra"]
[Source "ChessBase"]
[SourceDate "2017.04.27"]
[SourceVersion "1"]
[SourceVersionDate "2017.04.27"]
[SourceQuality "1"]

1. e4 c5 2. Nf3 d6 3. d4 cxd4 4. Nxd4 Nf6 5. f3 e5 6. Nb3 Be6 7. c4 Nbd7 8. Nc3 a6 9. Be3 Rc8 10. Nd5 Bxd5 11. cxd5 Be7 12. Be2 0-0 13. 0-0 Nh5 14. Qd2 g6 15. Rac1 Nc5 16. Na5 Nf4 17. b4 Nxe2+ 18. Qxe2 f5 19. Qd2 Na4 20. Nxb7 Qd7 21. Na5 fxe4 22. Nc6 exf3 23. Qc2 f2+ 24. Kh1 Nb6 25. Bxb6 Bg5 26. Rcd1 Qg4 27. Bxf2 Rce8 28. Bg3 Bf4 29. Qe4 h5 30. Rf3 h4 31. Bf2 Kg7 32. Rf1 Rf5 33. g3 hxg3 34. Bxg3 Rh8 35. Bxf4 exf4 36. R3f2 Rh3 37. Nd4 Rfh5 38. Ne6+ Kg8 39. Nxf4 Rxh2+ 40. Rxh2 Rxh2+ 41. Kxh2 Qh4+ 42. Kg2 Qg4+ 43. Kf2 Qh4+ 44. Ke2 1-0

[Event "Rio de Janeiro Guanabara op 5th"]
[Site "Rio de Janeiro"]
[Date "2016.12.10"]
[Round "6"]
[White "Almeida, Gianluca Jorio"]
[Black "Maia, Marco Aurelio Ferre"]
[Result "1/2-1/2"]
[WhiteElo "2000"]
[BlackElo "2055"]
[PlyCount "29"]
[EventDate "2016.12.03"]
[EventType "swiss"]
[EventRounds "6"]
[EventCountry "BRA"]
[SourceTitle "EXT 2018"]
[Source "ChessBase"]
[SourceDate "2017.10.13"]
[SourceVersion "1"]
[SourceVersionDate "2017.10.13"]
[SourceQuality "1"]

1. c4 c6 2. d4 d5 3. cxd5 cxd5 4. Nc3 Nf6 5. Nf3 Nc6 6. Bf4 a6 7. e3 Bf5 8. a3 Rc8 9. Bd3 Bxd3 10. Qxd3 e6 11. 0-0 Be7 12. h3 0-0 13. b4 b5 14. Rfc1 Nd7 15. Nd2 1/2-1/2

[Event "Rio de Janeiro Guanabara op 5th"]
[Site "Rio de Janeiro"]
[Date "2016.12.04"]
[Round "4"]
[White "Maia, Marco Aurelio Ferre"]
[Black "Saraiva, Alexandre Pacheco"]
[Result "1-0"]
[WhiteElo "2055"]
[BlackElo "1840"]
[PlyCount "51"]
[EventDate "2016.12.03"]
[EventType "swiss"]
[EventRounds "6"]
[EventCountry "BRA"]
[SourceTitle "EXT 2018"]
[Source "ChessBase"]
[SourceDate "2017.10.13"]
[SourceVersion "1"]
[SourceVersionDate "2017.10.13"]
[SourceQuality "1"]

1. d4 Nf6 2. c4 e6 3. Nc3 Bb4 4. e3 0-0 5. Bd3 c5 6. Nge2 d5 7. 0-0 b6 8. cxd5 exd5 9. a3 Bxc3 10. bxc3 c4 11. Bc2 Nc6 12. Ng3 Re8 13. f3 h6 14. e4 dxe4 15. fxe4 Bg4 16. Qd2 Bd7 17. Qf4 Rf8 18. e5 Ne8 19. Qe4 f5 20. Nxf5 Rxf5 21. Rxf5 Bxf5 22. Qxf5 Nxd4 23. Qh7+ Kf8 24. Bxh6 Ne6 25. Qf5+ Ke7 26. Rf1 1-0

[Event "Rio de Janeiro Keres Memorial 4th"]
[Site "Rio de Janeiro"]
[Date "2016.10.08"]
[Round "3"]
[White "Khaje Hesamedini, Ali"]
[Black "Maia, Marco Aurelio Ferre"]
[Result "1/2-1/2"]
[WhiteElo "2268"]
[BlackElo "2071"]
[PlyCount "88"]
[EventDate "2016.10.01"]
[EventType "swiss"]
[EventRounds "6"]
[EventCountry "BRA"]
[SourceTitle "EXT 2018"]
[Source "ChessBase"]
[SourceDate "2017.10.13"]
[SourceVersion "1"]
[SourceVersionDate "2017.10.13"]
[SourceQuality "1"]

1. d4 f5 2. Nf3 Nf6 3. g3 g6 4. Bg2 Bg7 5. 0-0 0-0 6. b3 d6 7. Bb2 Qe8 8. Nbd2 Nc6 9. Nc4 Ne4 10. d5 Bxb2 11. Nxb2 Nd8 12. c4 e5 13. dxe6 Qxe6 14. Qc2 Qf6 15. Nd3 Ne6 16. Rad1 a5 17. Nf4 Nxf4 18. gxf4 Bd7 19. Nd4 Rae8 20. e3 Re7 21. Ne2 Rfe8 22. Rc1 Qh4 23. Nc3 Bc6 24. Nd5 Bxd5 25. cxd5 Nf6 26. Qb2 Rf8 27. Rc4 Ng4 28. h3 Nf6 29. Rfc1 Rff7 30. a3 Ne4 31. b4 axb4 32. axb4 g5 33. fxg5 Qxg5 34. Kh1 Qh4 35. f3 Ng3+ 36. Kh2 Qg5 37. Qf2 Rg7 38. f4 Qf6 39. Bf3 Rg6 40. Rxc7 h5 41. Rxe7 Qxe7 42. Rc8+ Kh7 43. Qb2 Nf1+ 44. Kh1 Ng3+ 1/2-1/2